000 00781nam a2200229 a 4500
999 _c2204
_d2204
001 2204
003 BD-JhCC
005 20171113185933.0
008 171030s13731378ii |||| ||a| 000 0 ben d
035 _a(BD-JhCC)2204
040 _aBD-JhCC
_dBD-JhCC
041 _aben
082 _a891.4409
_bBAN 1373
100 _aবন্দোপাধ্যায়, শ্রীকুমার
245 _aরবীন্দ্র-সৃষ্টি-সমীক্ষা /
_cশ্রীকুমার বন্দোপাধ্যায়,
250 _a2nd ed.
260 _aকলিকাতা :
_bওরিয়েন্ট বুক কোম্পানি,
_c1373
300 _a362 p. :
_c22 cm.
650 _aBengali Literature
942 _2ddc
_cBK